Personnage harry potter - Statistiques

Statistiques générales
  • Ce quiz a été pris 78 fois
  • Le résultat moyen est 17 sur 18
Statistiques - réponses
Par images Réponse % Correct
HARRY
100%
HERMIONE
100%
RONALD
100%
ALBUS
96%
NEVILLE
96%
SEVERUS
96%
SIRIUS
96%
BELLATRIX
94%
CEDRIC
94%
GINERVA
94%
DOLORES
93%
LUCIUS
93%
LUNA
93%
CHO
92%
PETER
92%
RUBEUS
90%
VIKTOR
87%
ALASTOR
76%
Aucun quiz correspondant
Distribution des résultats
% des personnes avec chaque résultat
Percentile par nombre de réponses
Votre historique - résultats
Vous n’avez pas pris ce quiz